The leadership engine : how winning companies build leaders at every level
| Other Authors: | , |
|---|---|
| Format: | Book |
| Published: |
USA :
Harper Collins ,
2007
|
| Subjects: |
MARC
| LEADER | 00000cam a2200000 7i4500 | ||
|---|---|---|---|
| 001 | 0000004133 | ||
| 005 | 20180404.0 | ||
| 020 | 0 | 0 | |a 9780887309311 |
| 090 | 0 | 0 | |a 658.4092 |b NOEL 2007 |
| 245 | 1 | 0 | |a The leadership engine : |b how winning companies build leaders at every level |c Noel M. Tichy with Eli Cohen |
| 260 | 0 | 0 | |a USA : |b Harper Collins , |c 2007 |
| 300 | |a xxiii.452 p. : |b ill. ; |c 21 cm. | ||
| 650 | 0 | 0 | |a Executives---training |
| 650 | 0 | 0 | |a Leadership |
| 700 | 0 | 1 | |a Cohen, Eli |
| 700 | 0 | 1 | |a Tichy, Noel M |
| 998 | |a JPSM | ||
| 999 | |a 008002 |b Monograph |c Open Shelf |e Default branch | ||